Konvergenční kritéria: kdy a jak?

Pristúpenie ČR k EÚ so všetkými povinnosťami v oblasti hospodárskej aj menovej integrácie. Časové horizonty plnenia konvergenčných kritérií. Zavedenie eura.

Guardado en:
Detalles Bibliográficos
Autor principal: Čech, Zdeněk
Otros Autores: Bárta, Vít
Formato: Capítulo de libro
Lenguaje:checo
Materias:
Etiquetas: Agregar Etiqueta
Sin Etiquetas, Sea el primero en etiquetar este registro!

MARC

LEADER 00000naa a2200000 4500
001 r045847
005 20231004070523.3
041 0 |a cze 
044 |a CZ 
245 1 0 |a Konvergenční kritéria: kdy a jak?  |c Zdeněk Čech, Vít Bárta 
520 |a Pristúpenie ČR k EÚ so všetkými povinnosťami v oblasti hospodárskej aj menovej integrácie. Časové horizonty plnenia konvergenčných kritérií. Zavedenie eura. 
610 2 0 |a konvergencia 
610 2 0 |a Česko 
610 2 0 |a Európska únia 
610 2 0 |a integrácia ekonomická medzinárodná 
610 2 0 |a integrácia menová 
610 2 0 |a euro 
610 2 0 |a politika hospodárska 
100 1 |a Čech, Zdeněk 
700 1 |a Bárta, Vít